Normal view MARC view

Entry Personal Name

Number of records used in: 1

001 - CONTROL NUMBER

  • control field: 166452

003 - CONTROL NUMBER IDENTIFIER

  • control field: OSt

005 - DATE AND TIME OF LATEST TRANSACTION

  • control field: 20220923222245.0

008 - FIXED-LENGTH DATA ELEMENTS

  • fixed length control field: 220923|| aca||aabn | a|a d

040 ## - CATALOGING SOURCE

  • Original cataloging agency: OSt
  • Transcribing agency: OSt

100 ## - HEADING--PERSONAL NAME

  • Personal name: जोशी, उमाश्ंाकर; पटेल, भोलाभाई, अनु

670 ## - SOURCE DATA FOUND

  • Source citation: Work cat.: (OSt)354801: जोशी, उमाश्ंाकर; पटेल, भोलाभाई, अनु., प्राचीना, 1968
Copyright @ Delhi University Library System